000 00688nam a2200253Ia 4500
003 OSt
005 20221006143639.0
006 a|||||r|||| 00| 0
007 ta
008 221006b |||||||| |||| 00| 0 eng d
020 _c95.00
024 _a9,538
037 _cTextual
040 _aEASL
_cEASL
_beng
041 _2eng
_aeng
082 _aX:98ZB.4.N73, M3
100 _aMATHUR Kamal
_9650157
245 0 _aEconomic development in the third world countries
260 _aNew Delhi
_bAssociated Publishing House
_c1983
300 _a209p.
_ccm.
490 _v Oth
942 _hX:98ZB.4.N73, M3
_cTEXL
_2CC
999 _c1077624
_d1077624